[Event "August 13 challenge "]
[Site "SchemingMind.com"]
[Date "2013.08.11"]
[Round "-"]
[White "ray winteringham"]
[Black "fu_manchu"]
[Result "0-1"]
[WhiteCountry "ENG"]
[BlackCountry "CAN"]
[WhiteElo "1575"]
[WhiteRD "50"]
[BlackElo "1742"]
[BlackRD "98"]
[GameID "336645"]

1. e4 c5 2. Nc3 Nc6 3. Nf3 d6 4. Bb5 Nf6 5. d3 Bd7 6. O-O e6 7. Be3 a6 8. Bxc6 Bxc6 9. h3 Be7 10. Ne2 O-O
11. c4 Qc7 12. a3 b5 13. b3 Rfd8 14. Qc2 Nd7 15. Rfc1 Bf6 16. Rab1 bxc4 17. bxc4 Ne5 18. Nh2 Rab8 19. f4 Ng6 20. Ng4 Be7
21. Ng3 Rxb1 22. Rxb1 Nh4 23. Qb2 f5 24. Nh5 e5 25. Nh2 fxe4 26. dxe4 Bxe4 27. Qb7 Bxb7
0-1

[Event "August 13 challenge "]
[Site "SchemingMind.com"]
[Date "2013.08.11"]
[Round "-"]
[White "A330"]
[Black "fu_manchu"]
[Result "1-0"]
[WhiteCountry "ENG"]
[BlackCountry "CAN"]
[WhiteElo "1971"]
[WhiteRD "89"]
[BlackElo "1742"]
[BlackRD "98"]
[GameID "336646"]

1. e4 b6 2. Nf3 Bb7 3. Nc3 e6 4. d4 Bb4 5. Bd3 Nf6 6. O-O Bxc3 7. bxc3 O-O 8. Re1 d5 9. e5 Nfd7 10. Bxh7+ Kh8
11. Bd3 g6 12. Bh6 Rg8 13. Ng5 Nf8 14. Nxf7+
1-0